[Event "Omnia dicta fortiora si dicta Latina."]
[Site "SchemingMind.com"]
[Date "2016.09.02"]
[Round "-"]
[White "smothered mate"]
[Black "tyler_ensor"]
[Result "1-0"]
[WhiteCountry "POL"]
[BlackCountry "CAN"]
[WhiteElo "1947"]
[WhiteRD "67"]
[BlackElo "1724"]
[BlackRD "76"]
[GameID "403287"]

1. e4 c6 2. d4 d5 3. exd5 cxd5 4. c4 Nf6 5. Nc3 e6 6. Nf3 Bb4 7. cxd5 Nxd5 8. Qc2 Qc7 9. Bd2 Nd7 10. Rc1 Bxc3
11. Bxc3 O-O 12. Bd3 N7f6 13. O-O Nf4 14. Bb4 Qxc2 15. Bxc2 Ne2+ 16. Kh1 Nxc1 17. Bxf8 Kxf8 18. Rxc1 Bd7 19. Bd3 Rc8 20. Rd1 h6=
21. h3 Bc6 22. Ne5 Ke7 23. Kh2 Be4 24. Bc4 Bd5 25. b3 a6 26. f4 b5 27. Bd3 Rc3 28. f5 Be4 29. fxe6 fxe6 30. Bxe4
1-0

[Event "Omnia dicta fortiora si dicta Latina."]
[Site "SchemingMind.com"]
[Date "2016.09.04"]
[Round "-"]
[White "tyler_ensor"]
[Black "smothered mate"]
[Result "0-1"]
[WhiteCountry "CAN"]
[BlackCountry "POL"]
[WhiteElo "1724"]
[WhiteRD "76"]
[BlackElo "1947"]
[BlackRD "67"]
[GameID "403288"]

1. d4 d5 2. c4 e6 3. Nc3 c5 4. cxd5 exd5 5. Nf3 Nc6 6. g3 Nf6 7. Bg2 Be7 8. O-O O-O 9. Bg5 cxd4 10. Nxd4 h6
11. Be3 Re8 12. Rc1 Bg4 13. h3 Be6 14. Nxe6 fxe6 15. f4 Bb4 16. Bf2 Qe7 17. a3 Ba5 18. b4 Bb6 19. Na4 Bxf2+ 20. Rxf2 Rad8
21. Nc5 e5 22. fxe5 Nxe5 23. Nd3 Nc4 24. Qb3 b5 25. a4 Qd6 26. axb5 Qxg3 27. Kh1 Ne4 28. Rf3 Ncd2
0-1

[Event "Omnia dicta fortiora si dicta Latina."]
[Site "SchemingMind.com"]
[Date "2016.09.09"]
[Round "-"]
[White "smothered mate"]
[Black "milu"]
[Result "1-0"]
[WhiteCountry "POL"]
[BlackCountry "ESP"]
[WhiteElo "2003"]
[WhiteRD "71"]
[BlackElo "1599"]
[BlackRD "81"]
[GameID "403369"]

1. e4 e5 2. Nf3 d6 3. d4 Bg4 4. dxe5 Bxf3 5. Qxf3 dxe5 6. Bc4 Nf6 7. Qb3 Qd7 8. Qxb7 Qc6 9. Bb5 Qxb5 10. Qxb5+ c6
11. Qb7 Bc5 12. Qc8+ Ke7 13. Qxh8 g6 14. Bg5
1-0

[Event "Omnia dicta fortiora si dicta Latina."]
[Site "SchemingMind.com"]
[Date "2016.09.04"]
[Round "-"]
[White "milu"]
[Black "smothered mate"]
[Result "0-1"]
[WhiteCountry "ESP"]
[BlackCountry "POL"]
[WhiteElo "1481"]
[WhiteRD "77"]
[BlackElo "1915"]
[BlackRD "67"]
[GameID "403370"]

1. e4 e6 2. Nc3 c5 3. d3 d5 4. exd5 exd5 5. Qf3 Be6 6. Bf4 Nc6 7. Nb5 Rc8 8. Qg3 Qa5+ 9. Nc3 d4 10. Ne2 dxc3
11. Nxc3 Nf6 12. Bd2 Nd4 13. Nd5 Qa4 14. Nxf6+ gxf6 15. b3 Nxc2+ 16. Kd1 Qd4 17. Rc1 Nb4 18. Bc3 Qg4+ 19. Be2 Qxg3 20. hxg3 Bg7
21. a3 Bxb3+ 22. Kd2 Na6 23. Rb1 c4 24. dxc4 Nc5 25. f3 b6 26. Bb4 Ba4 27. Bd1 Rd8+ 28. Ke2 Bxd1+ 29. Rhxd1 O-O 30. Bxc5 bxc5
31. Rd5 Rxd5
0-1

[Event "Omnia dicta fortiora si dicta Latina."]
[Site "SchemingMind.com"]
[Date "2016.09.09"]
[Round "-"]
[White "tyler_ensor"]
[Black "milu"]
[Result "1-0"]
[WhiteCountry "CAN"]
[BlackCountry "ESP"]
[WhiteElo "1799"]
[WhiteRD "71"]
[BlackElo "1481"]
[BlackRD "77"]
[GameID "403371"]

1. d4 Nf6 2. c4 d5 3. cxd5 Nxd5 4. e4 Nb6 5. Nc3 g6 6. Be3 Bg7 7. h3 N8d7 8. Nf3 e5 9. dxe5 O-O 10. Be2 Nxe5
11. Nxe5 Bxe5 12. O-O Bxc3 13. bxc3 Qf6 14. Bd4 Qe6 15. Bf3 Bd7 16. Qd2 Nc4 17. Qc2 Ne5 18. Qe2
1-0

[Event "Omnia dicta fortiora si dicta Latina."]
[Site "SchemingMind.com"]
[Date "2016.09.04"]
[Round "-"]
[White "milu"]
[Black "tyler_ensor"]
[Result "0-1"]
[WhiteCountry "ESP"]
[BlackCountry "CAN"]
[WhiteElo "1481"]
[WhiteRD "77"]
[BlackElo "1799"]
[BlackRD "71"]
[GameID "403372"]

1. e4 d5 2. e5 c5 3. f4 Nc6 4. Nc3 a6 5. Qf3 e6 6. b3 Nd4 7. Qd3 Ne7 8. Nce2 Nec6 9. Nf3 Nxf3+ 10. Qxf3 Be7
11. Ng3 Nd4 12. Qd3 Bd7 13. c3 Bb5 14. Qb1 Bxf1 15. Nxf1 Nc6 16. Ng3 O-O 17. c4 dxc4
0-1

[Event "Omnia dicta fortiora si dicta Latina."]
[Site "SchemingMind.com"]
[Date "2016.09.09"]
[Round "-"]
[White "smothered mate"]
[Black "emvarela"]
[Result "1-0"]
[WhiteCountry "POL"]
[BlackCountry "ARG"]
[WhiteElo "2008"]
[WhiteRD "74"]
[BlackElo "1710"]
[BlackRD "54"]
[GameID "403505"]

1. e4 e5 2. Nf3 Nc6 3. Bb5 a6 4. Ba4 Nf6 5. O-O b5 6. Bb3 h6 7. c3 Bb7 8. d4 exd4 9. e5 dxc3 10. exf6 Qxf6
11. Nxc3 Be7 12. Nd5 Qd6 13. Bf4
1-0

[Event "Omnia dicta fortiora si dicta Latina."]
[Site "SchemingMind.com"]
[Date "2016.09.07"]
[Round "-"]
[White "emvarela"]
[Black "smothered mate"]
[Result "0-1"]
[WhiteCountry "ARG"]
[BlackCountry "POL"]
[WhiteElo "1724"]
[WhiteRD "55"]
[BlackElo "1941"]
[BlackRD "72"]
[GameID "403506"]

1. e4 e6 2. d4 d5 3. Nc3 Nf6 4. Bg5 dxe4 5. Nxe4 Be7 6. Bxf6 gxf6 7. c3 f5 8. Ng3 h5 9. Bd3 h4 10. N3e2 Bd7
11. Nf3 h3 12. gxh3 Bc6 13. Nf4 Bd6 14. Nxe6 fxe6 15. Rg1 Qf6 16. Qe2 Nd7 17. Ng5 O-O-O 18. Qe3 Bxh2 19. O-O-O Rdg8 20. f4 Bxg1
21. Rxg1 Re8 22. Bc4 Bd5 23. Bxd5 exd5 24. Qf3 c6 25. Kd2 Qe7
0-1

[Event "Omnia dicta fortiora si dicta Latina."]
[Site "SchemingMind.com"]
[Date "2016.09.09"]
[Round "-"]
[White "tyler_ensor"]
[Black "emvarela"]
[Result "1/2-1/2"]
[WhiteCountry "CAN"]
[BlackCountry "ARG"]
[WhiteElo "1799"]
[WhiteRD "71"]
[BlackElo "1720"]
[BlackRD "56"]
[GameID "403507"]

1. d4 Nf6 2. c4 g6 3. Nc3 Bg7 4. Nf3 d5 5. Bf4 O-O 6. e3 c6 7. h3 dxc4 8. Bxc4 Nbd7 9. O-O Nb6 10. Bb3 Nfd5
11. Nxd5 Nxd5 12. Bg3 Bf5 13. Bc2 Bxc2 14. Qxc2 Qb6 15. Be5 Bxe5 16. Nxe5 Rad8 17. Rfd1=
1/2-1/2

[Event "Omnia dicta fortiora si dicta Latina."]
[Site "SchemingMind.com"]
[Date "2016.09.07"]
[Round "-"]
[White "emvarela"]
[Black "tyler_ensor"]
[Result "1-0"]
[WhiteCountry "ARG"]
[BlackCountry "CAN"]
[WhiteElo "1748"]
[WhiteRD "60"]
[BlackElo "1724"]
[BlackRD "76"]
[GameID "403508"]

1. e4 c6 2. d4 d5 3. Nc3 dxe4 4. Nxe4 Bf5 5. Ng3 Bg6 6. Nf3 Nd7 7. h4 h6 8. h5 Bh7 9. Bd3 Bxd3 10. Qxd3 e6
11. Bf4 Qa5+ 12. Bd2 Qc7 13. O-O-O Ngf6 14. Ne4 O-O-O 15. Nxf6 Nxf6 16. c4 Be7 17. Ne5 Rhf8 18. Bf4 Bd6 19. Qf3 Qe7 20. c5 Bxe5
21. Bxe5 Rg8 22. Bxf6 Qxf6 23. Qxf6 gxf6 24. Rh2 Rg4 25. f3 Rgxd4 26. Rxd4 Rxd4 27. b3 Kd7 28. Kc2 e5 29. g3 Ke6 30. Kc3 Kd5
31. b4
1-0

[Event "Omnia dicta fortiora si dicta Latina."]
[Site "SchemingMind.com"]
[Date "2016.09.10"]
[Round "-"]
[White "emvarela"]
[Black "milu"]
[Result "1/2-1/2"]
[WhiteCountry "ARG"]
[BlackCountry "ESP"]
[WhiteElo "1724"]
[WhiteRD "55"]
[BlackElo "1550"]
[BlackRD "83"]
[GameID "403509"]

1. e4 e5 2. Nf3 Nc6 3. Bb5 d6 4. d4 Bg4 5. d5 a6 6. Bxc6+ bxc6 7. dxc6 Nf6 8. Nc3 Be7 9. h3 Bxf3 10. Qxf3 O-O
11. Nd5 a5 12. Nxe7+ Qxe7 13. Bg5 Ra6 14. Bxf6 gxf6 15. Qc3 Rb8 16. b3 Rbb6 17. Qg3+ Kh8 18. c4 Rxc6 19. f4 Ra8 20. f5 Rg8
21. Qf3=
1/2-1/2

[Event "Omnia dicta fortiora si dicta Latina."]
[Site "SchemingMind.com"]
[Date "2016.09.12"]
[Round "-"]
[White "milu"]
[Black "emvarela"]
[Result "0-1"]
[WhiteCountry "ESP"]
[BlackCountry "ARG"]
[WhiteElo "1481"]
[WhiteRD "77"]
[BlackElo "1720"]
[BlackRD "56"]
[GameID "403510"]

1. e4 e5 2. f4 d5 3. fxe5 Qh4+ 4. Ke2 Qxe4+ 5. Kf2 Bc5+ 6. d4 Bxd4+ 7. Qxd4 Qxd4+ 8. Ke1 Qxe5+ 9. Be2 Bg4 10. Nc3 Bxe2
11. Ngxe2 d4 12. Bf4 Qa5 13. Bxc7 Qxc7 14. Nd5 Qe5 15. Nf4 Nc6 16. Kd2 Qe3+ 17. Ke1 Nb4 18. Rd1 Nxc2+ 19. Kf1 Nf6 20. Rd3 Qe7
21. Kf2 Ne4+ 22. Kf3 Ng5+
0-1

[Event "Omnia dicta fortiora si dicta Latina."]
[Site "SchemingMind.com"]
[Date "2016.09.14"]
[Round "-"]
[White "smothered mate"]
[Black "JAHI"]
[Result "0-1"]
[WhiteCountry "POL"]
[BlackCountry "INT"]
[WhiteElo "1976"]
[WhiteRD "73"]
[BlackElo "2047"]
[BlackRD "58"]
[GameID "403605"]

1. e4 g6 2. h4 Bg7 3. h5 c6 4. d4 a6 5. h6 Bf8 6. Bc4 a5 7. Qf3 e6 8. d5 b6 9. a4 Ba6 10. Ba2 b5
11. b4 bxa4 12. Bb2 Bxb4+ 13. Nd2 f6 14. O-O-O e5 15. dxc6 Nxc6 16. Nc4 Qc7 17. Ne3 Nd4 18. Bxd4 exd4 19. Rxd4 Qc3 20. e5 Ba3+
0-1

[Event "Omnia dicta fortiora si dicta Latina."]
[Site "SchemingMind.com"]
[Date "2016.09.14"]
[Round "-"]
[White "JAHI"]
[Black "smothered mate"]
[Result "1-0"]
[WhiteCountry "INT"]
[BlackCountry "POL"]
[WhiteElo "2084"]
[WhiteRD "63"]
[BlackElo "1915"]
[BlackRD "67"]
[GameID "403606"]

1. g3 d5 2. Bg2 e5 3. c3 Nf6 4. a3 a5 5. a4 Bd6 6. b3 c6 7. Na3 Bf5 8. Nc2 Na6 9. Ba3 c5 10. Rc1 Rc8
11. Ne3 Be6 12. Nf3 O-O 13. Ng5 Qd7 14. Nxe6 fxe6 15. d3 b5 16. axb5 Qxb5 17. c4 Qb7 18. cxd5 exd5 19. Nf5 Qd7 20. Bh3 Qc6
21. Nxd6 Qxd6 22. Bxc8 Rxc8 23. Qd2 Nb4 24. Bxb4 axb4 25. Ra1 d4 26. Qg5 Qb8 27. Qf5 Re8 28. Ra2 Nd5 29. Ra6 Qb7 30. Re6 Rf8
31. Qe4 Qd7 32. Qxe5
1-0

[Event "Omnia dicta fortiora si dicta Latina."]
[Site "SchemingMind.com"]
[Date "2016.09.14"]
[Round "-"]
[White "tyler_ensor"]
[Black "JAHI"]
[Result "0-1"]
[WhiteCountry "CAN"]
[BlackCountry "INT"]
[WhiteElo "1799"]
[WhiteRD "71"]
[BlackElo "2084"]
[BlackRD "63"]
[GameID "403607"]

1. d4 g6 2. c4 Bg7 3. Nc3 c6 4. e4 a6 5. Be3 a5 6. c5 b6 7. cxb6 Qxb6 8. Qd2 Na6 9. Nf3 Nc7 10. Be2 Ba6
11. O-O Bxe2 12. Nxe2 Nf6 13. Ng3 Ng4 14. Ng5 Nxe3 15. fxe3 Qb4 16. Qf2 f6 17. Nf3 Rb8 18. b3 a4 19. Rab1 Nb5 20. bxa4 Qxa4
21. Rfc1 Ra8 22. Rb2 Bh6 23. Rcb1 Nc3 24. Rb8+ Kf7 25. Rxh8 Rxh8 26. Ra1 Nd1 27. Qe1 Nxe3
0-1

[Event "Omnia dicta fortiora si dicta Latina."]
[Site "SchemingMind.com"]
[Date "2016.09.14"]
[Round "-"]
[White "JAHI"]
[Black "tyler_ensor"]
[Result "1-0"]
[WhiteCountry "INT"]
[BlackCountry "CAN"]
[WhiteElo "2102"]
[WhiteRD "71"]
[BlackElo "1724"]
[BlackRD "76"]
[GameID "403608"]

1. g3 f5 2. Bg2 Nf6 3. c3 g6 4. a3 Bg7 5. a4 O-O 6. b3 d6 7. Na3 e5 8. Nc2 c6 9. Ba3 Re8 10. Rc1 Na6
11. Nh3 Nc7 12. e3 Be6 13. Rb1 h6 14. f3 Qd7 15. Nf2 g5 16. e4 f4 17. gxf4 exf4 18. Nd4 Rad8 19. Nxe6 Nxe6 20. Rc1 Re7
21. Bh3 Rde8 22. Bf5 Qc7 23. Qe2 Bf8 24. Kd1 Ng7 25. Bg6 Rd8 26. Qf1 Nge8 27. Kc2 Rg7 28. Bf5 Re7 29. Rg1 Ng7 30. Bg6
1-0

[Event "Omnia dicta fortiora si dicta Latina."]
[Site "SchemingMind.com"]
[Date "2016.09.14"]
[Round "-"]
[White "emvarela"]
[Black "JAHI"]
[Result "0-1"]
[WhiteCountry "ARG"]
[BlackCountry "INT"]
[WhiteElo "1724"]
[WhiteRD "55"]
[BlackElo "2062"]
[BlackRD "61"]
[GameID "403609"]

1. e4 g6 2. d4 Bg7 3. Nc3 c6 4. Nf3 a6 5. Be3 a5 6. Bd3 b6 7. O-O Na6 8. Bxa6 Bxa6 9. Re1 b5 10. a4 b4
11. Ne2 Bxe2 12. Qxe2 Nf6 13. Nd2 Qc7 14. e5 Nd5 15. Nc4 f6 16. Nd6+ exd6 17. exf6 Bxf6 18. Bg5+ Kf7 19. Bxf6 Kxf6 20. Qf3+ Kg7
21. c4 bxc3 22. bxc3 Rae8 23. c4 Rhf8 24. cxd5 Rxe1+
0-1

[Event "Omnia dicta fortiora si dicta Latina."]
[Site "SchemingMind.com"]
[Date "2016.09.14"]
[Round "-"]
[White "JAHI"]
[Black "emvarela"]
[Result "1-0"]
[WhiteCountry "INT"]
[BlackCountry "ARG"]
[WhiteElo "2084"]
[WhiteRD "63"]
[BlackElo "1720"]
[BlackRD "56"]
[GameID "403610"]

1. g3 d5 2. Bg2 c5 3. c3 Nc6 4. a3 Nf6 5. a4 g6 6. b3 Bg7 7. Na3 O-O 8. Nc2 e6 9. Ba3 b6 10. b4 cxb4
11. cxb4 Re8 12. Nf3 Bb7 13. Bb2 Rc8 14. Ne5 Nxe5 15. Bxe5 Nd7 16. Bxg7 Kxg7 17. Qb1 Qc7 18. Qb2+ f6 19. Nd4 Qe5 20. d3 a6
21. a5 b5 22. Bh3 f5 23. Bg2 Rc7 24. e3 Kf7 25. Rb1 Rec8 26. Ke2 Rc3 27. Rhc1 Rxc1 28. Rxc1 Qf6 29. Rxc8 Bxc8 30. Qc3 Qd8
31. e4 dxe4 32. dxe4 Bb7 33. Nxe6 Kxe6 34. exf5+ gxf5 35. Bxb7 Nb8 36. Qg7 Qe7 37. Bc8+
1-0

[Event "Omnia dicta fortiora si dicta Latina."]
[Site "SchemingMind.com"]
[Date "2016.09.14"]
[Round "-"]
[White "milu"]
[Black "JAHI"]
[Result "0-1"]
[WhiteCountry "ESP"]
[BlackCountry "INT"]
[WhiteElo "1576"]
[WhiteRD "81"]
[BlackElo "2028"]
[BlackRD "57"]
[GameID "403611"]

1. e4 g6 2. f4 Bg7 3. Nf3 c6 4. Bc4 a6 5. Ng5 e6 6. f5 Qxg5 7. O-O Bd4+ 8. Kh1 Qh4 9. c3 Be5 10. g3 Qxe4+
11. Qf3 Qxc4 12. Na3 Qd5 13. fxe6 dxe6 14. Kg1 Qxf3 15. Rxf3 Nd7 16. d4 Bc7 17. Bd2 Ne7 18. Raf1 f6 19. Bh6 Nf5 20. Nc4 Nxh6
21. Kg2 Nf5 22. g4 Nh4+
0-1

[Event "Omnia dicta fortiora si dicta Latina."]
[Site "SchemingMind.com"]
[Date "2016.09.14"]
[Round "-"]
[White "JAHI"]
[Black "milu"]
[Result "1-0"]
[WhiteCountry "INT"]
[BlackCountry "ESP"]
[WhiteElo "2012"]
[WhiteRD "61"]
[BlackElo "1599"]
[BlackRD "81"]
[GameID "403612"]

1. g3 e5 2. Bg2 Bc5 3. c3 Nf6 4. a3 c6 5. a4 Qb6 6. e3 O-O 7. b3 a5 8. Ba3 d5 9. Ne2 Bf5 10. Bxc5 Qxc5
11. d3 Nbd7 12. d4 exd4 13. cxd4 Qb4+ 14. Nd2 Be4 15. Kf1 Bxg2+ 16. Kxg2 Ne4 17. Nxe4 Ne5 18. Nc5 Ng4 19. Qe1 Qb6 20. Nd7 Qxb3
21. Nxf8 Rxf8 22. h3 Nf6 23. Qxa5 Ne4 24. Rhc1
1-0

[Event "Omnia dicta fortiora si dicta Latina."]
[Site "SchemingMind.com"]
[Date "2016.09.26"]
[Round "-"]
[White "smothered mate"]
[Black "Scooter"]
[Result "1-0"]
[WhiteCountry "POL"]
[BlackCountry "USA"]
[WhiteElo "2003"]
[WhiteRD "71"]
[BlackElo "1693"]
[BlackRD "56"]
[GameID "404081"]

1. e4 c6 2. d4 d5 3. exd5 cxd5 4. c4 Nf6 5. Nc3 e6 6. Nf3 Bb4 7. Bd3 O-O 8. O-O Bxc3 9. bxc3 Nc6 10. Bg5 h6
11. Bh4 g5 12. Bg3 Nh5 13. c5 Nxg3 14. fxg3 f5 15. Re1 Bd7 16. Rb1 Rb8 17. Ne5 Kg7 18. Qh5 Nxe5 19. Rxe5 Be8 20. Qe2 Bd7
21. Rb3 a6 22. Rb6 g4 23. Rd6 Qc7 24. Bxf5 exf5 25. Re7+ Rf7 26. Qe5+ Kg8 27. Rg6+
1-0

[Event "Omnia dicta fortiora si dicta Latina."]
[Site "SchemingMind.com"]
[Date "2016.09.26"]
[Round "-"]
[White "Scooter"]
[Black "smothered mate"]
[Result "0-1"]
[WhiteCountry "USA"]
[BlackCountry "POL"]
[WhiteElo "1693"]
[WhiteRD "56"]
[BlackElo "2003"]
[BlackRD "71"]
[GameID "404082"]

1. d4 e6 2. Nf3 f5 3. Bg5 Nf6 4. e3 Be7 5. Nbd2 d5 6. Be2 Nbd7 7. O-O h6 8. Bxf6 Nxf6 9. Ne5 O-O 10. Ng6 Rf7
11. Nf3 Bd6 12. c4 c6 13. c5 Bc7 14. b4 Ne4 15. Bd3 Rf6 16. Nfe5 Qe8 17. Bxe4 fxe4 18. Qg4 Kh7 19. Nf4 Bxe5 20. dxe5 Rf5
21. f3 Rxe5 22. fxe4 Rxe4 23. Qg3 e5 24. Nd3 Qg6 25. Qxg6+ Kxg6 26. Rf8 Rxe3 27. Rd1 b6 28. Kf2 d4 29. Re8 Bb7 30. Rxe5 Rf8+
31. Kg1 Ba6 32. Rxe3 dxe3 33. Ne5+ Kh7 34. Nf3 Be2 35. Rd6 bxc5 36. bxc5 Rb8 37. h3 Rb1+
0-1

[Event "Omnia dicta fortiora si dicta Latina."]
[Site "SchemingMind.com"]
[Date "2016.09.23"]
[Round "-"]
[White "tyler_ensor"]
[Black "Scooter"]
[Result "0-1"]
[WhiteCountry "CAN"]
[BlackCountry "USA"]
[WhiteElo "1779"]
[WhiteRD "81"]
[BlackElo "1717"]
[BlackRD "54"]
[GameID "404083"]

1. d4 d5 2. c4 Nf6 3. cxd5 Nxd5 4. e4 Nf6 5. Nc3 e6 6. Nf3 Bb4 7. Bd3 Nc6 8. O-O O-O 9. e5 Nd5 10. Bxh7+ Kxh7
11. Ng5+ Kg6 12. Qd3+ f5 13. exf6+ Kxf6 14. Nce4+ Ke7 15. Nh7 Nf4 16. Qc4 Qxd4 17. Qxd4 Ne2+ 18. Kh1 Ncxd4
0-1

[Event "Omnia dicta fortiora si dicta Latina."]
[Site "SchemingMind.com"]
[Date "2016.09.23"]
[Round "-"]
[White "Scooter"]
[Black "tyler_ensor"]
[Result "0-1"]
[WhiteCountry "USA"]
[BlackCountry "CAN"]
[WhiteElo "1715"]
[WhiteRD "56"]
[BlackElo "1752"]
[BlackRD "73"]
[GameID "404084"]

1. d4 Nf6 2. Nf3 d5 3. Bf4 c5 4. c3 Nc6 5. e3 Qb6 6. Qb3 c4 7. Qxb6 axb6 8. Nbd2 b5 9. Be2 b4 10. O-O Bf5
11. h3 h6 12. cxb4 Nxb4 13. a3 Nd3 14. Bxd3 Bxd3 15. Rfe1 Ne4 16. Nxe4 dxe4 17. Nd2 e6 18. Rac1 Rc8 19. Rc3 Be7 20. Rec1 b5
21. b3 Bxa3 22. Re1 Bb4
0-1

[Event "Omnia dicta fortiora si dicta Latina."]
[Site "SchemingMind.com"]
[Date "2016.09.26"]
[Round "-"]
[White "emvarela"]
[Black "Scooter"]
[Result "0-1"]
[WhiteCountry "ARG"]
[BlackCountry "USA"]
[WhiteElo "1724"]
[WhiteRD "55"]
[BlackElo "1715"]
[BlackRD "56"]
[GameID "404085"]

1. e4 c6 2. d4 d5 3. exd5 cxd5 4. c4 Nf6 5. Nc3 e6 6. Nf3 Bb4 7. Bg5 Nbd7 8. a3 Bxc3+ 9. bxc3 Qc7 10. Bxf6 Nxf6
11. cxd5 Qxc3+ 12. Ke2 O-O 13. Rc1 Qb2+ 14. Rc2 Qb5+ 15. Ke1 Qxd5 16. Bc4 Qa5+ 17. Qd2 Qxa3 18. Ra2 Qd6 19. Ke2 Ne4 20. Qd3 Nf6
21. Rha1 Nh5 22. g3 a6 23. Ng5 Nf6 24. Ne4 Nxe4 25. Qxe4 g6 26. Qe5 Rd8 27. Qxd6 Rxd6 28. Rd2 Rb8 29. Ra3 b5 30. Bb3 Bb7
31. f3 Rbd8 32. Ke3 e5 33. d5 Bxd5 34. Bxd5 Rxd5 35. Rxd5 Rxd5 36. Rxa6 f5 37. Rb6 Kg7 38. h4 h5 39. f4 e4 40. Rb7+ Kh6
41. Rb6 Rd3+ 42. Kf2 Rb3 43. Kg2 b4 44. Kf2 Rb1 45. Ke2 b3
0-1

[Event "Omnia dicta fortiora si dicta Latina."]
[Site "SchemingMind.com"]
[Date "2016.09.26"]
[Round "-"]
[White "Scooter"]
[Black "emvarela"]
[Result "1-0"]
[WhiteCountry "USA"]
[BlackCountry "ARG"]
[WhiteElo "1717"]
[WhiteRD "54"]
[BlackElo "1712"]
[BlackRD "55"]
[GameID "404086"]

1. d4 Nf6 2. Nf3 d5 3. Bf4 e6 4. e3 Bd6 5. Bxd6 Qxd6 6. c3 O-O 7. Be2 Nbd7 8. O-O c5 9. Nbd2 c4 10. Qc2 h6
11. b3 b5 12. bxc4 bxc4 13. h3 e5 14. dxe5 Nxe5 15. Nxe5 Qxe5 16. Nf3 Qe4 17. Nd4 Qxc2 18. Nxc2 Rb8 19. Bf3 Bf5 20. Nd4 Bd3
21. Be2 Bxe2 22. Nxe2 Rb2 23. Nd4 Rfb8 24. Nc6 R8b7 25. Rfd1 Rc2 26. Rdc1 Rbb2 27. Rxc2 Rxc2 28. Nxa7 Rxc3 29. a4 Ne4 30. Nc6 Rc2
31. a5 c3 32. a6 Rb2 33. a7
1-0

[Event "Omnia dicta fortiora si dicta Latina."]
[Site "SchemingMind.com"]
[Date "2016.09.22"]
[Round "-"]
[White "Scooter"]
[Black "milu"]
[Result "1-0"]
[WhiteCountry "USA"]
[BlackCountry "ESP"]
[WhiteElo "1717"]
[WhiteRD "54"]
[BlackElo "1549"]
[BlackRD "79"]
[GameID "404087"]

1. d4 Nf6 2. Nf3 d5 3. Bf4 e6 4. e3 Nc6 5. Bb5 a6 6. Bxc6+ bxc6 7. O-O Bd6 8. Bxd6 cxd6 9. Nbd2 a5 10. c4 Ba6
11. b3 dxc4 12. bxc4 Rb8 13. Rb1 O-O 14. Qc2 Rb4 15. Rxb4 axb4 16. Qa4 Qb6 17. Rb1 c5 18. dxc5 dxc5 19. a3 Rb8 20. axb4 cxb4
21. c5 Qb5 22. Qxb5 Rxb5 23. Nb3 Rb8 24. Nfd4 Kf8 25. Na5 Ke8 26. Nac6 Rb7 27. Rxb4 Kd7 28. Nb8+ Rxb8 29. Rxb8 e5 30. Nf5 g6
31. Nd6 Ne4 32. Nxf7 Nxc5 33. Nxe5+ Ke6 34. Nf3 h5 35. Rb6+ Kf5 36. Nh4+ Kg5 37. g3 Bd3 38. Rd6 Kh6 39. Rd5 g5 40. Nf5+ Bxf5
41. Rxf5 Ne6 42. Rf6+
1-0

[Event "Omnia dicta fortiora si dicta Latina."]
[Site "SchemingMind.com"]
[Date "2016.09.23"]
[Round "-"]
[White "milu"]
[Black "Scooter"]
[Result "0-1"]
[WhiteCountry "ESP"]
[BlackCountry "USA"]
[WhiteElo "1481"]
[WhiteRD "77"]
[BlackElo "1644"]
[BlackRD "52"]
[GameID "404088"]

1. e4 c6 2. f4 d5 3. e5 Bf5 4. d4 e6 5. Nc3 h6 6. Bd3 Bxd3 7. cxd3 Bb4 8. Ne2 Ne7 9. O-O Bxc3 10. bxc3 Nd7
11. Ng3 Qa5 12. Bd2 O-O-O 13. c4 Qc7 14. c5 Nf5 15. Nxf5 exf5 16. a4 Nf8 17. a5 a6 18. Rb1 Ne6 19. Be3 Qxa5 20. Rb6 Qc3
21. Qb1 Rd7 22. Rc1 Qa5 23. Qb3 Nc7 24. Qb2 Nb5 25. Bd2 Qa4 26. Be3 Qa3 27. Qc2 Qb4 28. Kf2 g5 29. Kf3 Rg8 30. g3 g4+
31. Ke2 Nxd4+ 32. Bxd4 Qxd4 33. Rcb1 f6 34. R6b4 Qxb4 35. Rxb4 fxe5 36. fxe5 d4 37. Qb2 Re8 38. Rxd4 Rxe5+ 39. Kd2 Rde7 40. Kc3 Rxc5+
41. Rc4 Rb5 42. Qf2 a5 43. Rc5 Re5 44. Rxe5 Rxe5 45. d4 Rd5 46. Qf4 a4 47. Qxh6 a3 48. Qc1 Ra5 49. Kb4 Ra6 50. Kb3 a2
51. Qa1 Kc7
0-1

[Event "Omnia dicta fortiora si dicta Latina."]
[Site "SchemingMind.com"]
[Date "2016.09.22"]
[Round "-"]
[White "Scooter"]
[Black "JAHI"]
[Result "0-1"]
[WhiteCountry "USA"]
[BlackCountry "INT"]
[WhiteElo "1693"]
[WhiteRD "56"]
[BlackElo "2012"]
[BlackRD "61"]
[GameID "404089"]

1. d4 g6 2. Nf3 Bg7 3. Bf4 c6 4. e3 a6 5. Nbd2 a5 6. Be2 b6 7. O-O Na6 8. c3 b5 9. c4 Qb6 10. c5 Qa7
11. Rc1 a4 12. h3 Nf6 13. Be5 Nc7 14. Bxc7 Qxc7 15. b4 axb3 16. axb3 Nd5 17. Qc2 Nb4 18. Qd1 Na2 19. Rc2 Qa5 20. Nb1 Bb7
21. Qd2 Qxd2 22. Rxd2 Nb4 23. Ne1 Kd8 24. Nd3 Nxd3 25. Bxd3 Kc7 26. Nc3 Ra5 27. Ra2 Rxa2 28. Nxa2 Ra8 29. Nc3 Ra3 30. Rb1 b4
31. Ne2 d6 32. cxd6+ exd6 33. Bc4 d5 34. Bd3 Bf8 35. Nf4 Bd6 36. Ne2 Kb6 37. Nc1 Bc8 38. Rb2 Bd7 39. Re2 Ra1 40. Rc2 h6
41. f4 g5 42. f5 Bg3 43. Kf1 h5 44. Ke2 f6 45. Kf3 h4 46. Ne2 Rd1 47. Nxg3 Rxd3 48. Rb2 hxg3
0-1

[Event "Omnia dicta fortiora si dicta Latina."]
[Site "SchemingMind.com"]
[Date "2016.09.22"]
[Round "-"]
[White "JAHI"]
[Black "Scooter"]
[Result "1-0"]
[WhiteCountry "INT"]
[BlackCountry "USA"]
[WhiteElo "1998"]
[WhiteRD "58"]
[BlackElo "1735"]
[BlackRD "56"]
[GameID "404090"]

1. g3 d5 2. Bg2 Nf6 3. c3 Bf5 4. a3 Nbd7 5. a4 e6 6. b3 Bd6 7. Na3 O-O 8. b4 c5 9. Qb3 c4 10. Qa2 a6
11. Nf3 Be4 12. a5 Bxf3 13. Bxf3 Ne5 14. Bg2 Nc6 15. Qb2 Be5 16. d3 cxd3 17. exd3 Qe7 18. Nc2 Rac8 19. Bd2 Na7 20. Na3 Nc6
21. d4 Bd6 22. Nc2 e5 23. Kf1 exd4 24. cxd4 Rfe8 25. Re1 Qd7 26. Rxe8+ Rxe8 27. Ne3 Bc7 28. Bc3 Ne7 29. Bf3 Ne4 30. Bxe4 dxe4
31. Kg2 Nd5 32. Bd2 Nxe3+ 33. Bxe3 Qb5 34. Qc2 Bd8 35. Qc5 Qxc5 36. dxc5 Bc7 37. Rd1 f6 38. Rd7 Rc8 39. Kh3 h6 40. Kg4 Kh7
41. Kf5 h5 42. h3 Be5 43. Rxb7 Bc3 44. Kxe4
1-0

[Event "Omnia dicta fortiora si dicta Latina."]
[Site "SchemingMind.com"]
[Date "2016.10.07"]
[Round "-"]
[White "Greg Magne"]
[Black "smothered mate"]
[Result "1-0"]
[WhiteCountry "CAN"]
[BlackCountry "POL"]
[WhiteElo "1778"]
[WhiteRD "83"]
[BlackElo "2003"]
[BlackRD "71"]
[GameID "404476"]

1. e4 e6 2. d4 d5 3. Nc3 Nf6 4. Bg5 dxe4 5. Nxe4 Be7 6. Bxf6 gxf6 7. Nf3 f5 8. Nc3 c5 9. Bb5+ Bd7 10. O-O Nc6
11. d5 Nb4 12. dxe6 fxe6 13. Ne5 Bxb5 14. Qh5+
1-0